The diamond lens and other stories /

Bibliographic Details
Main Author: O'Brien, Fitz James, 1828-1862
Format: Book
Language:English
Published: St. Clair Shores, Mich. : Scholarly Press, 1970

MARC

Tag First Indicator Second Indicator Subfields
LEADER 00000cam a2200000 4500
001 in00000690139
005 20170227162310.0
008 701124r19701932miua 00001 eng
010 |a  76131791  
020 |a 0403006783 
035 |a (OCoLC)00101937 
035 |9 ACZ5070AM 
040 |a DLC  |c DLC  |d TXA  |d UtOrBLW 
049 |a TXAM  |c [1122391] 
082 0 |a 813/.3 
090 |a PS2485  |b .D53 
100 1 |a O'Brien, Fitz James,  |d 1828-1862. 
245 1 4 |a The diamond lens and other stories /  |c With an introd. by Gilbert Seldes. Illus. by Ferdinand Huszti Horvath. New York, W. E. Rudge, 1932. 
264 1 |a St. Clair Shores, Mich. :  |b Scholarly Press,  |c 1970 
264 4 |c [©1932] 
300 |a 275 pages :  |b illustrations ;  |c 22 cm. 
336 |a text  |b txt  |2 rdacontent 
337 |a unmediated  |b n  |2 rdamedia 
338 |a volume  |b nc  |2 rdacarrier 
505 0 |a The diamond lens.--The wondersmith.--The pot of tulips.--The golden ingot.--What was it?--Duke Humphrey's dinner.--The Dragon Fang possessed by the conjurer Piou-lu. 
999 |a MARS 
999 f f |s 9fc58c4a-9def-3df8-987b-b63f360cbfe8  |i 9e90becc-d3d5-3e07-9374-f0c42319a6aa  |t 0 
952 f f |p ric  |a Texas A&M University  |b Rellis Campus  |c Joint Library Facility  |d Remote Storage  |t 0  |e PS2485 .D53  |h Library of Congress classification  |i unmediated -- volume  |m A14804265594 
998 f f |a PS2485 .D53  |t 0  |l Remote Storage